|
|
|
|
| LEADER |
02529nam a22003733i 4500 |
| 001 |
EBC6984274 |
| 003 |
MiAaPQ |
| 005 |
20231204023224.0 |
| 006 |
m o d | |
| 007 |
cr cnu|||||||| |
| 008 |
231204s2019 xx o ||||0 eng d |
| 020 |
|
|
|a 9780520972230
|q (electronic bk.)
|
| 020 |
|
|
|z 9780520301665
|
| 035 |
|
|
|a (MiAaPQ)EBC6984274
|
| 035 |
|
|
|a (Au-PeEL)EBL6984274
|
| 035 |
|
|
|a (OCoLC)1083701605
|
| 040 |
|
|
|a MiAaPQ
|b eng
|e rda
|e pn
|c MiAaPQ
|d MiAaPQ
|
| 082 |
0 |
|
|a 306.4846081109548
|
| 100 |
1 |
|
|a Kamath, Harshita Mruthinti.
|
| 245 |
1 |
0 |
|a Impersonations :
|b The Artifice of Brahmin Masculinity in South Indian Dance.
|
| 250 |
|
|
|a 1st ed.
|
| 264 |
|
1 |
|a Berkeley :
|b University of California Press,
|c 2019.
|
| 264 |
|
4 |
|c Ã2019.
|
| 300 |
|
|
|a 1 online resource (241 pages)
|
| 336 |
|
|
|a text
|b txt
|2 rdacontent
|
| 337 |
|
|
|a computer
|b c
|2 rdamedia
|
| 338 |
|
|
|a online resource
|b cr
|2 rdacarrier
|
| 520 |
|
|
|a Learn more at www.luminosoa.org. Impersonations: The Artifice of Brahmin Masculinity in South Indian Dance centers on an insular community of Smarta Brahmin men from the Kuchipudi village in Telugu-speaking South India who are required to don stri-vesam (woman's guise) and impersonate female characters from Hindu religious narratives. Impersonation is not simply a gender performance circumscribed to the Kuchipudi stage, but a practice of power that enables the construction of hegemonic Brahmin masculinity in everyday village life. However, the power of the Brahmin male body in stri-vesam is highly contingent, particularly on account of the expansion of Kuchipudi in the latter half of the twentieth century from a localized village performance to a transnational Indian dance form. This book analyzes the practice of impersonation across a series of boundaries--village to urban, Brahmin to non-Brahmin, hegemonic to non-normative--to explore the artifice of Brahmin masculinity in contemporary South Indian dance.
|
| 588 |
|
|
|a Description based on publisher supplied metadata and other sources.
|
| 590 |
|
|
|a Electronic reproduction. Ann Arbor, Michigan : ProQuest Ebook Central, 2023. Available via World Wide Web. Access may be limited to ProQuest Ebook Central affiliated libraries.
|
| 655 |
|
4 |
|a Electronic books.
|
| 776 |
0 |
8 |
|i Print version:
|a Kamath, Harshita Mruthinti
|t Impersonations
|d Berkeley : University of California Press,c2019
|z 9780520301665
|
| 797 |
2 |
|
|a ProQuest (Firm)
|
| 856 |
4 |
0 |
|u https://ebookcentral.proquest.com/lib/matrademy/detail.action?docID=6984274
|z Click to View
|